[Event "Bled Olympiad"]
[Site "Bled SLO"]
[Date "2002.11.08"]
[EventDate "2002.10.26"]
[Round "13"]
[Result "0-1"]
[White "Xu Jun"]
[Black "Ognjen Cvitan"]
[WhiteElo "2643"]
[BlackElo "2562"]
[PlyCount "76"]

1. d4 Nf6 2. c4 e6 3. Nc3 Bb4 4. e3 c5 5. Nge2 d5 6. a3 Bxc3+
7. Nxc3 cxd4 8. exd4 dxc4 9. Bxc4 Nc6 10. Be3 O-O 11. O-O h6
12. Bd3 Ne7 13. Bf4 Ned5 14. Nxd5 Nxd5 15. Be5 Bd7 16. Re1 Bc6
17. Bc2 Rc8 18. Qd3 f5 19. Bb3 Qg5 20. f3 a6 21. Bc4 Kh7
22. Bg3 Rf6 23. Rac1 Bb5 24. b3 Rg6 25. a4 Bxc4 26. bxc4 Nb4
27. Qb1 a5 28. f4 Qd8 29. Bf2 Rxc4 30. Rxc4 Qd5 31. g3 Qxc4
32. Rc1 Qe2 33. Rc8 Nd5 34. Qf1 Qf3 35. Qg2 Qb3 36. Qf1 Nxf4
37. Rc5 Qxa4 38. Rc7 Qb3 0-1

[Event "Bled Olympiad"]
[Site "Bled SLO"]
[Date "2002.11.08"]
[EventDate "2002.10.26"]
[Round "13"]
[Result "1/2-1/2"]
[White "Kevin Spraggett"]
[Black "Zurab Sturua"]
[WhiteElo "2533"]
[BlackElo "2536"]
[PlyCount "158"]

1. e4 e5 2. Nf3 Nc6 3. Bb5 a6 4. Ba4 Nf6 5. O-O Be7 6. Re1 b5
7. Bb3 d6 8. c3 O-O 9. h3 Nb8 10. d4 Nbd7 11. Nbd2 Bb7 12. Bc2
Re8 13. Nf1 Bf8 14. Ng3 g6 15. b3 Bg7 16. d5 Nb6 17. Rb1 c6
18. c4 Qc7 19. Bd3 Nbd7 20. Bd2 bxc4 21. bxc4 a5 22. Qc1 Nc5
23. Bf1 Reb8 24. Qa3 a4 25. Bg5 Nfd7 26. Nd2 Ba6 27. Be3 Bf8
28. Rec1 Rc8 29. Ne2 Qd8 30. Nc3 Be7 31. Rd1 Bg5 32. Bxg5 Qxg5
33. dxc6 Rxc6 34. Nd5 Qd8 35. Rb4 Nf6 36. Qe3 Kg7 37. Rdb1
Nfd7 38. Nc3 Bc8 39. Be2 Nf8 40. Nf3 Nfe6 41. Rd1 Bd7 42. Nb5
Qe7 43. Rb2 Be8 44. Rbd2 Raa6 45. g3 Rab6 46. h4 h5 47. Bf1
Ra6 48. Ne1 Nb7 49. Nc2 Rc5 50. Nb4 Bxb5 51. cxb5 Ra8 52. Nd5
Qd8 53. Qa3 Nd4 54. Rxd4 exd4 55. Rxd4 Qa5 56. Qf3 Qd8 57. a3
Rc1 58. Qe3 Rb1 59. Rc4 Nc5 60. Qd4+ f6 61. b6 Rb8 62. Kg2
R8xb6 63. Nxb6 Qxb6 64. Rb4 Rxb4 65. axb4 Nd7 66. Qc3 Ne5
67. Be2 Ng4 68. Bxg4 hxg4 69. b5 Qxb5 70. Qc7+ Kg8 71. Qxd6
Kf7 72. Qc7+ Ke8 73. Qc8+ Ke7 74. Qxg4 a3 75. Qxg6 Qb2
76. Qg7+ Ke6 77. Qg8+ Ke7 78. Qg7+ Ke6 79. Qg8+ Ke5 1/2-1/2

[Event "Bled Olympiad"]
[Site "Bled SLO"]
[Date "2002.11.08"]
[EventDate "2002.10.26"]
[Round "13"]
[Result "1/2-1/2"]
[White "Aleksandar Kovacevic"]
[Black "Robert Kempinski"]
[WhiteElo "2546"]
[BlackElo "2532"]
[PlyCount "135"]

1. e4 c5 2. Nf3 d6 3. d4 cxd4 4. Nxd4 Nf6 5. Nc3 a6 6. Be3 e6
7. Be2 Qc7 8. a4 Nc6 9. O-O Be7 10. f4 O-O 11. Kh1 Re8 12. Bf3
Na5 13. Qe1 Nc4 14. Bc1 e5 15. fxe5 Nxe5 16. Qg3 Nxf3 17. Qxf3
Qc4 18. Be3 Bg4 19. Qg3 Bd7 20. Rad1 Kh8 21. Bg5 Qc5 22. Qh4
Qe5 23. Nf3 Qe6 24. Nd5 Bd8 25. Nd4 Qxe4 26. Nxf6 Qxh4
27. Bxh4 gxf6 28. Bxf6+ Kg8 29. Bxd8 Raxd8 30. b3 Bg4 31. Rd2
Bh5 32. Nf5 Bg6 33. h3 d5 34. Kh2 Re5 35. Rdf2 Rd7 36. Nd4 Rc7
37. Rf6 Re4 38. Rd1 Rd7 39. Rb6 Kg7 40. Rd2 Re3 41. Rf2 Rc3
42. Rbf6 Bxc2 43. Nxc2 Rxc2 44. Rxf7+ Rxf7 45. Rxc2 Re7
46. Kg1 Kf6 47. Kf2 h5 48. Rd2 Rd7 49. Ke3 Ke5 50. Rd4 Rg7
51. g4 hxg4 52. Rxg4 Rf7 53. b4 Rc7 54. Rg5+ Ke6 55. Rg6+ Ke5
56. Rg5+ Ke6 57. Rg6+ Kf5 58. Rh6 Rc4 59. Rb6 Ke5 60. Rxb7
Rc3+ 61. Kd2 Rxh3 62. b5 axb5 63. Rxb5 Ke4 64. Rb8 Ra3 65. Rh8
Kd4 66. Rh4+ Kc5 67. Rg4 d4 68. Rg8 1/2-1/2

[Event "Bled Olympiad"]
[Site "Bled SLO"]
[Date "2002.11.08"]
[EventDate "2002.10.26"]
[Round "13"]
[Result "1/2-1/2"]
[White "Branko Damljanovic"]
[Black "Bartlomiej Macieja"]
[WhiteElo "2550"]
[BlackElo "2615"]
[PlyCount "122"]

1. d4 Nf6 2. Nf3 e6 3. g3 b5 4. Bg2 Bb7 5. O-O d5 6. Bg5 Nbd7
7. Nbd2 c5 8. c3 Be7 9. Ne5 O-O 10. e3 h6 11. Nxd7 Nxd7
12. Bxe7 Qxe7 13. Qe2 b4 14. Qb5 Rfb8 15. Qa5 Qd8 16. Qxd8+
Rxd8 17. cxb4 cxb4 18. Rfc1 Rac8 19. Nb3 Rxc1+ 20. Rxc1 Rc8
21. Rxc8+ Bxc8 22. Na5 Nb8 23. Kf1 Kf8 24. Ke1 Ke7 25. Kd2 Kd6
26. Bf1 Kc7 27. Nb3 Kb6 28. Nc5 Nd7 29. Na4+ Ka5 30. b3 Ba6
31. Bxa6 Kxa6 32. Nb2 Kb5 33. Nd3 a5 34. Kc2 g5 35. g4 f6
36. f3 e5 37. Kd2 a4 38. f4 e4 39. Nc1 Nf8 40. Ne2 Ne6 41. f5
Ng7 42. Ng3 a3 43. h3 Kc6 44. Ke1 Kd7 45. Kf2 Ke7 46. Ne2 Ne8
47. Ke1 Nd6 48. Kf2 Kf7 49. Nc1 Nb5 50. Ne2 h5 51. Ke1 h4
52. Kf2 Nd6 53. Nc1 Ke7 54. Ne2 Kd7 55. Nc1 Kc6 56. Ne2 Kb5
57. Nc1 Ka5 58. Ne2 Kb6 59. Nc1 Ka5 60. Ne2 Ka6 61. Nc1 Nb5
1/2-1/2

[Event "Bled Olympiad"]
[Site "Bled SLO"]
[Date "2002.11.08"]
[EventDate "2002.10.26"]
[Round "13"]
[Result "1/2-1/2"]
[White "Thomas Luther"]
[Black "John Emms"]
[WhiteElo "2538"]
[BlackElo "2520"]
[PlyCount "35"]

1. e4 e5 2. Nf3 Nc6 3. Bb5 a6 4. Ba4 Nf6 5. O-O b5 6. Bb3 Bc5
7. a4 Bb7 8. d3 O-O 9. axb5 axb5 10. Rxa8 Bxa8 11. Nc3 b4
12. Nd5 Nxd5 13. Bxd5 d6 14. Bd2 Nd4 15. Nxd4 Bxd4 16. Bxb4
Bxb2 17. Qb1 Bd4 18. Qa2 1/2-1/2

[Event "Bled Olympiad"]
[Site "Bled SLO"]
[Date "2002.11.08"]
[EventDate "2002.10.26"]
[Round "13"]
[Result "1/2-1/2"]
[White "Stuart Conquest"]
[Black "Klaus Bischoff"]
[WhiteElo "2537"]
[BlackElo "2554"]
[PlyCount "47"]

1. e4 c5 2. Nc3 e6 3. f4 Nc6 4. Nf3 a6 5. g3 f6 6. d3 Nh6
7. Bh3 Nf7 8. O-O Be7 9. Bd2 O-O 10. a4 d5 11. exd5 exd5
12. Bg2 d4 13. Ne4 Be6 14. Re1 Qd7 15. Qe2 Rae8 16. Qf1 f5
17. Neg5 Nxg5 18. Nxg5 Bxg5 19. fxg5 Bd5 20. a5 Ne5 21. Bf4
Nc6 22. Bd2 Ne5 23. Bf4 Nc6 24. Bd2 1/2-1/2

[Event "Bled Olympiad"]
[Site "Bled SLO"]
[Date "2002.11.08"]
[EventDate "2002.10.26"]
[Round "13"]
[Result "1/2-1/2"]
[White "Michael Adams"]
[Black "Christopher Lutz"]
[WhiteElo "2745"]
[BlackElo "2645"]
[PlyCount "69"]

1. e4 c5 2. Nf3 e6 3. b3 a6 4. Bb2 d6 5. c4 Nf6 6. Nc3 Be7
7. d4 cxd4 8. Nxd4 O-O 9. Bd3 Bd7 10. O-O Nc6 11. Nxc6 Bxc6
12. Qe2 Qa5 13. a3 Qh5 14. Qd2 Rfd8 15. Rfe1 Ng4 16. h3 Ne5
17. Bc2 Bf6 18. Rad1 Rac8 19. Bb1 Ng6 20. Ne2 Bxb2 21. Qxb2
Qe5 22. Qxe5 Nxe5 23. f4 Ng6 24. g3 b5 25. cxb5 axb5 26. b4 e5
27. Rc1 Ne7 28. Bd3 Ra8 29. Ra1 d5 30. Nc3 dxe4 31. Bxe4 exf4
32. gxf4 Rab8 33. Bxc6 Nxc6 34. Rad1 Nd4 35. Kf2 1/2-1/2

[Event "Bled Olympiad"]
[Site "Bled SLO"]
[Date "2002.11.08"]
[EventDate "2002.10.26"]
[Round "13"]
[Result "1-0"]
[White "Angelos Vouldis"]
[Black "Friso Nijboer"]
[WhiteElo "2526"]
[BlackElo "2556"]
[PlyCount "75"]

1. d4 Nf6 2. c4 g6 3. Nc3 d5 4. Nf3 Bg7 5. e3 O-O 6. cxd5 Nxd5
7. Bc4 Nxc3 8. bxc3 c5 9. O-O Nd7 10. a4 Nb6 11. Bb3 Nd5
12. Ba3 Nxc3 13. Qc2 cxd4 14. Nxd4 Bxd4 15. exd4 Nd5 16. Rfe1
Re8 17. Qd2 Be6 18. Re5 Nc7 19. d5 Bxd5 20. Rxd5 Nxd5 21. Qxd5
Qxd5 22. Bxd5 Rab8 23. h4 Red8 24. Bf3 Rd7 25. Bc5 b6 26. Be3
Rc8 27. h5 Rcc7 28. g3 f6 29. a5 bxa5 30. Rxa5 Kf7 31. Kg2 e5
32. Bd5+ Ke8 33. h6 Rd6 34. g4 f5 35. Bb3 Rd3 36. Rxe5+ Re7
37. Rb5 f4 38. Bxf4 1-0

[Event "Bled Olympiad"]
[Site "Bled SLO"]
[Date "2002.11.08"]
[EventDate "2002.10.26"]
[Round "13"]
[Result "0-1"]
[White "Stelios Halkias"]
[Black "Ivan Sokolov"]
[WhiteElo "2528"]
[BlackElo "2684"]
[PlyCount "118"]

1. d4 d5 2. c4 c6 3. cxd5 cxd5 4. Nc3 Nf6 5. Bf4 Nc6 6. e3 a6
7. Bd3 Bg4 8. f3 Bh5 9. Nge2 e6 10. O-O Be7 11. Rc1 O-O
12. Bg3 Rc8 13. Nf4 Bg6 14. Na4 Nd7 15. Bxg6 hxg6 16. Nd3 Nb4
17. Nxb4 Bxb4 18. a3 Be7 19. Qd2 Rc4 20. b4 Qa8 21. Nb2 Rxc1
22. Rxc1 Rc8 23. Bc7 a5 24. Nd3 axb4 25. axb4 Qa4 26. h3 Qb5
27. Kf2 Ra8 28. Qc3 Rc8 29. Qa3 Nf6 30. Ke2 Bxb4 31. Qxb4 Qxb4
32. Nxb4 Ne8 33. Ra1 Rxc7 34. Ra8 Kf8 35. Rb8 g5 36. e4 dxe4
37. fxe4 Rc4 38. Rxb7 Rxd4 39. Kf3 Rc4 40. e5 Nc7 41. Rb6 Rf4+
42. Kg3 g6 43. Nd3 Rd4 44. Rb3 Kg7 45. Kf3 Nd5 46. Kf2 g4
47. hxg4 Rxg4 48. Kf3 Rd4 49. g3 Ne7 50. Ra3 Nc6 51. Ke3 Rd5
52. Ke4 g5 53. Rc3 Nxe5 54. Nxe5 f5+ 55. Kf3 Rxe5 56. Rc8 Ra5
57. Rc6 Kf6 58. Rb6 Ra2 59. Ke3 g4 0-1

[Event "Bled Olympiad"]
[Site "Bled SLO"]
[Date "2002.11.08"]
[EventDate "2002.10.26"]
[Round "13"]
[Result "1/2-1/2"]
[White "Sergei Tiviakov"]
[Black "Igor Miladinovic"]
[WhiteElo "2631"]
[BlackElo "2518"]
[PlyCount "39"]

1. e4 c5 2. Nc3 e6 3. Nf3 Nc6 4. Be2 a6 5. O-O Nd4 6. Bd3
Nxf3+ 7. Qxf3 Qc7 8. Nd1 Bd6 9. h3 Ne7 10. c3 Ng6 11. Bc2 O-O
12. Ne3 b5 13. d4 cxd4 14. cxd4 Bb7 15. Qd1 Bh2+ 16. Kh1 Bf4
17. Bd2 Qd6 18. Be1 f5 19. exf5 Nh4 20. f3 1/2-1/2

[Event "Bled Olympiad"]
[Site "Bled SLO"]
[Date "2002.11.08"]
[EventDate "2002.10.26"]
[Round "13"]
[Result "1/2-1/2"]
[White "Nikola Mitkov"]
[Black "Vereslav Eingorn"]
[WhiteElo "2529"]
[BlackElo "2600"]
[PlyCount "37"]

1. e4 c5 2. Nf3 g6 3. d4 Bg7 4. dxc5 Qa5+ 5. c3 Qxc5 6. Na3 d6
7. Nb5 a6 8. Be3 Qc6 9. Na7 Qc7 10. Nxc8 Qxc8 11. Qb3 Nf6
12. e5 dxe5 13. Nxe5 O-O 14. Bc4 e6 15. O-O b5 16. Be2 Nd5
17. Bd4 Qc7 18. Nf3 Nc6 19. Bxg7 1/2-1/2

[Event "Bled Olympiad"]
[Site "Bled SLO"]
[Date "2002.11.08"]
[EventDate "2002.10.26"]
[Round "13"]
[Result "1-0"]
[White "Josif D Dorfman"]
[Black "Vidmantas Malisauskas"]
[WhiteElo "2617"]
[BlackElo "2521"]
[PlyCount "83"]

1. Nf3 c5 2. c4 Nf6 3. d4 cxd4 4. Nxd4 Nc6 5. Nc3 g6 6. e4
Nxd4 7. Qxd4 d6 8. Bg5 Bg7 9. Qd2 O-O 10. Bd3 Be6 11. O-O Ng4
12. Be2 Ne5 13. b3 Nc6 14. Rac1 Qa5 15. Bh6 Rad8 16. Rfd1 Bxh6
17. Qxh6 Qe5 18. Qe3 Qc5 19. Qd2 f6 20. Nd5 a5 21. Rc3 Rf7
22. h4 Ne5 23. Ne3 g5 24. Bh5 Rg7 25. hxg5 fxg5 26. Nf5 Bxf5
27. exf5 Rf8 28. g4 b6 29. Qe2 Qb4 30. Re3 a4 31. Rd5 axb3
32. axb3 Qa3 33. Rb5 Rb8 34. c5 Qa7 35. cxd6 exd6 36. f6 Rc7
37. Rbxe5 dxe5 38. Rxe5 Rf8 39. Rxg5+ Kh8 40. Qb2 Rcf7
41. Bxf7 Qxf7 42. Rf5 1-0

[Event "Bled Olympiad"]
[Site "Bled SLO"]
[Date "2002.11.08"]
[EventDate "2002.10.26"]
[Round "13"]
[Result "1-0"]
[White "Bojan Kurajica"]
[Black "Jonny Hector"]
[WhiteElo "2548"]
[BlackElo "2590"]
[PlyCount "97"]

1. Nf3 d5 2. c4 c6 3. Qc2 Nf6 4. g3 dxc4 5. Qxc4 Be6 6. Qc2
Bd5 7. Bg2 e5 8. O-O Bd6 9. Nc3 O-O 10. d3 h6 11. e4 Be6
12. d4 Nbd7 13. h3 Re8 14. Rd1 Qc7 15. Be3 exd4 16. Nxd4 Bc4
17. Nf5 Bf8 18. b3 Ba6 19. f4 g6 20. Nh4 Bc5 21. Bxc5 Nxc5
22. e5 Nh7 23. b4 Ne6 24. Ne4 Red8 25. Nd6 Nef8 26. Kh2 Qb6
27. Rab1 Rd7 28. a4 Rad8 29. Qa2 Rxd6 30. exd6 Re8 31. b5 cxb5
32. Bd5 Rd8 33. Bxf7+ Kg7 34. axb5 Bxb5 35. Bc4 a6 36. Bxb5
axb5 37. Qb2+ Nf6 38. Qxb5 Qf2+ 39. Ng2 Rd7 40. Qe5 h5 41. Rb2
Qf3 42. Rc1 Rf7 43. Re1 N8d7 44. Qd4 Kh6 45. Nh4 Qc6 46. Qd3
Rg7 47. Re7 Rg8 48. Qxg6+ Rxg6 49. Nf5+ 1-0

[Event "Bled Olympiad"]
[Site "Bled SLO"]
[Date "2002.11.08"]
[EventDate "2002.10.26"]
[Round "13"]
[Result "1/2-1/2"]
[White "Evgenij Agrest"]
[Black "Suat Atalik"]
[WhiteElo "2607"]
[BlackElo "2575"]
[PlyCount "60"]

1. c4 e6 2. Nc3 b6 3. e4 Bb7 4. Nf3 Bb4 5. Bd3 Ne7 6. Ne2 Ng6
7. Bc2 Nh4 8. a3 Bd6 9. Nxh4 Qxh4 10. Ng3 Nc6 11. d4 O-O
12. Be3 Na5 13. Qd3 f5 14. exf5 Bxg2 15. Rg1 Bf3 16. b3 Qxh2
17. Kd2 Bxg3 18. Rxg3 Rxf5 19. Rag1 g6 20. d5 Bh5 21. Kc1 Qh4
22. dxe6 dxe6 23. Qd7 Qf6 24. Bxf5 Qc3+ 25. Kb1 Qxb3+ 26. Ka1
Qxa3+ 27. Kb1 Qb3+ 28. Ka1 Qc3+ 29. Kb1 Qb4+ 30. Ka1 Qa3+
1/2-1/2

[Event "Bled Olympiad"]
[Site "Bled SLO"]
[Date "2002.11.08"]
[EventDate "2002.10.26"]
[Round "13"]
[Result "1-0"]
[White "Surya Shekhar Ganguly"]
[Black "Joseph G Gallagher"]
[WhiteElo "2531"]
[BlackElo "2540"]
[PlyCount "85"]

1. e4 c5 2. Nf3 d6 3. d4 cxd4 4. Nxd4 Nf6 5. Nc3 a6 6. Be2 e5
7. Nb3 Be7 8. O-O O-O 9. Kh1 b6 10. Be3 Bb7 11. f3 b5 12. Qd2
Nbd7 13. Rfd1 b4 14. Nd5 Nxd5 15. exd5 Nf6 16. Bc4 a5 17. a3
Qc7 18. Qd3 a4 19. Nd2 bxa3 20. Rxa3 Ra5 21. Ne4 Nxd5 22. Bd2
Nf4 23. Bxa5 Qxa5 24. Qc3 Qa8 25. Nxd6 e4 26. Qe3 Nxg2
27. Kxg2 exf3+ 28. Kf2 Qd8 29. Qf4 Bg5 30. Qg4 Qb6+ 31. Qd4
Qc7 32. Rg1 h6 33. Nxb7 Qxh2+ 34. Kxf3 Qh3+ 35. Rg3 Qf5+
36. Kg2 Qxc2+ 37. Kh1 Qb1+ 38. Rg1 Qg6 39. Rh3 Qf5 40. Qd3 Qf6
41. Qe4 g6 42. Rf1 Qb6 43. Rxf7 1-0

[Event "Bled Olympiad"]
[Site "Bled SLO"]
[Date "2002.11.08"]
[EventDate "2002.10.26"]
[Round "13"]
[Result "1-0"]
[White "Florian Jenni"]
[Black "Ramachandran Ramesh"]
[WhiteElo "2483"]
[BlackElo "2475"]
[PlyCount "133"]

1. e4 c5 2. Nf3 Nc6 3. d4 cxd4 4. Nxd4 Qb6 5. Nb3 Nf6 6. Bd3
e6 7. O-O Be7 8. c4 d5 9. exd5 exd5 10. Nc3 dxc4 11. Bxc4 O-O
12. h3 Bf5 13. Be3 Qb4 14. Bd5 Rad8 15. Qf3 Bd3 16. Rfd1 Ne5
17. Qg3 Nxd5 18. Qxe5 Nxe3 19. Qxe3 Bc4 20. a3 Qxb3 21. Qxe7
Rde8 22. Qb4 b6 23. Rd6 Re7 24. Rc6 Qxb4 25. axb4 Bd3 26. Rd6
Bc4 27. f3 h6 28. Kf2 Rc8 29. Rad1 Rcc7 30. g4 f6 31. h4 Kf7
32. h5 Be6 33. R1d4 Bb3 34. Rd8 Be6 35. Ne4 Rc2+ 36. Kg3 g5
37. hxg6+ Kxg6 38. R4d6 Kg7 39. Rd2 Rxd2 40. Rxd2 f5 41. gxf5
Bxf5 42. Kf4 Bg6 43. Nd6 Kf6 44. Ne4+ Kg7 45. Nd6 Rd7 46. Ke5
Re7+ 47. Kf4 a5 48. b5 Rc7 49. Ne4 Bxe4 50. fxe4 Rc5 51. e5
Rxb5 52. Kf5 Rb3 53. Ke6 Re3 54. Rg2+ Kf8 55. Rf2+ Kg7 56. Kd6
h5 57. e6 h4 58. e7 Rd3+ 59. Kc7 Re3 60. Kd8 Rd3+ 61. Ke8 h3
62. Rf7+ Kg6 63. Kf8 Re3 64. e8=Q Rxe8+ 65. Kxe8 Kg5 66. Kd7
b5 67. Kc6 1-0

[Event "Bled Olympiad"]
[Site "Bled SLO"]
[Date "2002.11.08"]
[EventDate "2002.10.26"]
[Round "13"]
[Result "1/2-1/2"]
[White "Julen Luis Arizmendi Martinez"]
[Black "Vasile Sanduleac"]
[WhiteElo "2510"]
[BlackElo "2471"]
[PlyCount "101"]

1. e4 g6 2. d4 Bg7 3. Nf3 d6 4. Be2 b6 5. c4 Bb7 6. Nc3 Nd7
7. Bg5 c5 8. O-O cxd4 9. Nxd4 Ngf6 10. f3 O-O 11. Qd2 Nc5
12. Rfd1 Ne6 13. Be3 Nd7 14. b4 Rc8 15. Rac1 Ne5 16. Nxe6 fxe6
17. c5 dxc5 18. Qxd8 Rfxd8 19. Rxd8+ Rxd8 20. bxc5 bxc5
21. Bxc5 Nc6 22. Bc4 Kf7 23. Be3 Bd4 24. Kf2 Kf6 25. Bxd4+
Nxd4 26. Ke3 e5 27. Bd3 Bc6 28. Rb1 g5 29. Rb4 h5 30. Ne2 Ne6
31. Bc4 Nd4 32. Bd3 Ne6 33. Bc4 Nd4 34. Rb2 Rd6 35. Rd2 Ne6
36. Bxe6 Kxe6 37. Ng3 h4 38. Nf5 Rxd2 39. Kxd2 Bb5 40. g3 hxg3
41. hxg3 Kf6 42. Ne3 Ke6 43. a3 Kd6 44. Nf5+ Ke6 45. Ke3 Kf6
46. g4 Ke6 47. Kd2 Kd7 48. Nh6 Ke6 49. Nf5 Kd7 50. Ne3 Kd6
51. Nf5+ 1/2-1/2

[Event "Bled Olympiad"]
[Site "Bled SLO"]
[Date "2002.11.08"]
[EventDate "2002.10.26"]
[Round "13"]
[Result "1-0"]
[White "Jan Plachetka"]
[Black "Petronio Roca"]
[WhiteElo "2444"]
[BlackElo "2423"]
[PlyCount "109"]

1. d4 Nf6 2. Nf3 g6 3. Bg5 Bg7 4. Nbd2 O-O 5. e4 d5 6. exd5
Nxd5 7. Bc4 c5 8. c3 cxd4 9. Nxd4 h6 10. Bh4 Nb6 11. Be2 g5
12. Bg3 e5 13. N4b3 f5 14. f3 Nd5 15. Nc4 Nc6 16. a4 b6
17. O-O Be6 18. Re1 h5 19. Bf1 f4 20. Bf2 Qf6 21. Nbd2 Rad8
22. Ne4 Qg6 23. Qe2 g4 24. Bh4 Rd7 25. Kh1 Nde7 26. Rad1 Nf5
27. Rxd7 Bxd7 28. Bg5 Be6 29. Rd1 Kh8 30. Qe1 Nce7 31. fxg4
hxg4 32. Bxe7 Re8 33. Rd8 Rxd8 34. Bxd8 g3 35. Ng5 Bxc4
36. Bxc4 Ne3 37. Nf7+ Kh7 38. Ng5+ Kh8 39. Ba2 Bh6 40. Nf7+
Kg7 41. Nxe5 Qd6 42. Nf7 Qc6 43. Qe2 Qxa4 44. b4 Qa3 45. Qd2
Nd5 46. Qd4+ Kg6 47. Ne5+ Kh7 48. Qe4+ Kh8 49. Nf7+ Kg7
50. Qd4+ Kg6 51. Ne5+ Kf5 52. Bxd5 Qc1+ 53. Qg1 Qxc3 54. Nf3
Qxb4 55. Qd1 1-0

[Event "Bled Olympiad"]
[Site "Bled SLO"]
[Date "2002.11.08"]
[EventDate "2002.10.26"]
[Round "13"]
[Result "1/2-1/2"]
[White "Mark Paragua"]
[Black "Gennadi Timoshchenko"]
[WhiteElo "2476"]
[BlackElo "2509"]
[PlyCount "87"]

1. e4 e5 2. Nf3 Nc6 3. d4 exd4 4. Nxd4 Bc5 5. Nxc6 Qf6 6. Qd2
dxc6 7. Nc3 Bd4 8. Bd3 Ne7 9. O-O Ng6 10. Kh1 Ne5 11. Be2 Ng4
12. Nd1 Qd6 13. Bxg4 Bxg4 14. Ne3 Be6 15. f4 f6 16. Qe2 O-O-O
17. a4 Rhe8 18. Qf3 Kb8 19. c3 Bxe3 20. Bxe3 Bb3 21. Rfe1 c5
22. Bf2 Qc6 23. a5 Bc2 24. e5 Qxf3 25. gxf3 fxe5 26. fxe5 b6
27. b4 cxb4 28. cxb4 Re6 29. Rac1 Bf5 30. Rc4 Rd7 31. Rf4 g6
32. Rc4 Kb7 33. axb6 axb6 34. Bg3 Rd5 35. Rec1 c6 36. Kg1 g5
37. h4 h6 38. hxg5 hxg5 39. R4c3 Rd4 40. Rb3 Re8 41. Bf2 Rd5
42. Rbc3 Bd7 43. Ra1 Ra8 44. Rxa8 1/2-1/2

[Event "Bled Olympiad"]
[Site "Bled SLO"]
[Date "2002.11.08"]
[EventDate "2002.10.26"]
[Round "13"]
[Result "1-0"]
[White "Enamul Hossain"]
[Black "Petr Haba"]
[WhiteElo "2396"]
[BlackElo "2534"]
[PlyCount "116"]

1. e4 c5 2. Nf3 Nc6 3. d4 cxd4 4. Nxd4 Qc7 5. Nc3 e6 6. Be2 a6
7. O-O Nf6 8. Be3 Bb4 9. Na4 Be7 10. Nxc6 bxc6 11. Nb6 Rb8
12. Nxc8 Qxc8 13. e5 Nd5 14. Bc1 Bc5 15. c4 Ne7 16. b3 Qc7
17. Bb2 d6 18. exd6 Bxd6 19. g3 Be5 20. Bxe5 Qxe5 21. Re1 Qc5
22. Qd3 O-O 23. Red1 Rfe8 24. Rd2 Qa5 25. Rad1 c5 26. Bf3 g6
27. Be4 Nf5 28. Bxf5 exf5 29. Kg2 Re4 30. Qd6 Rbe8 31. Qc6 Kg7
32. Qb7 R4e7 33. Rd7 Rxd7 34. Rxd7 Rf8 35. a4 Qc3 36. Qxa6
Qxb3 37. a5 Re8 38. Qb7 Qxb7+ 39. Rxb7 Re4 40. Rb3 Rxc4
41. Ra3 Rb4 42. a6 Rb8 43. a7 Ra8 44. Ra6 Kh6 45. Kf3 Kh5
46. h3 c4 47. Ke3 c3 48. Ra5 h6 49. Kd3 g5 50. Ra6 f6 51. Kxc3
f4 52. Kd4 f5 53. Ra5 fxg3 54. fxg3 f4 55. gxf4 Kh4 56. fxg5
hxg5 57. Ra3 Rd8+ 58. Ke4 Ra8 1-0

[Event "Bled Olympiad"]
[Site "Bled SLO"]
[Date "2002.11.08"]
[EventDate "2002.10.26"]
[Round "13"]
[Result "1-0"]
[White "Tomas Oral"]
[Black "Al-Rakib Abdulla"]
[WhiteElo "2546"]
[BlackElo "2398"]
[PlyCount "95"]

1. e4 c6 2. d4 d5 3. exd5 cxd5 4. c4 Nf6 5. Nc3 e6 6. Nf3 Bb4
7. cxd5 Nxd5 8. Qc2 Nc6 9. Bd3 Ba5 10. a3 Nxc3 11. bxc3 Nxd4
12. Nxd4 Qxd4 13. Bb5+ Bd7 14. O-O Qd5 15. c4 Qf5 16. Bxd7+
Kxd7 17. Qb3 b6 18. Rd1+ Ke7 19. a4 Rhd8 20. Ba3+ Kf6 21. Bd6
g5 22. Rd4 Kg7 23. Rad1 Kg8 24. h4 h6 25. hxg5 hxg5 26. Qe3
Rac8 27. R1d3 Rxd6 28. Rxd6 Rxc4 29. R6d4 Rc5 30. g4 Qh7
31. Kg2 Qg6 32. Qh3 Qh7 33. Qf3 Kg7 34. Rd7 Qg6 35. Qh3 Rc4
36. Rf3 Rf4 37. Rd8 Qh7 38. Qxh7+ Kxh7 39. Rxf4 gxf4 40. Rd7
Kg6 41. Rxa7 f5 42. Kf3 e5 43. Ra8 fxg4+ 44. Kxg4 Bc3 45. f3
Kf6 46. Rc8 Bd4 47. Rc6+ Ke7 48. Kg5 1-0

[Event "Bled Olympiad"]
[Site "Bled SLO"]
[Date "2002.11.08"]
[EventDate "2002.10.26"]
[Round "13"]
[Result "1/2-1/2"]
[White "Zbynek Hracek"]
[Black "Ziaur Rahman"]
[WhiteElo "2607"]
[BlackElo "2523"]
[PlyCount "44"]

1. e4 e6 2. d4 d5 3. Nd2 dxe4 4. Nxe4 Nd7 5. Nf3 Ngf6 6. Nxf6+
Nxf6 7. c3 Be7 8. Bd3 O-O 9. Qe2 b6 10. Bg5 Bb7 11. O-O c5
12. dxc5 Bxc5 13. Rad1 Qc7 14. Ne5 Rfd8 15. Bh4 Rd5 16. Bg3
Rad8 17. Rfe1 a5 18. a3 Qc8 19. Bb5 Rxd1 20. Rxd1 Ne4
21. Rxd8+ Qxd8 22. Nd7 Qg5 1/2-1/2

[Event "Bled Olympiad"]
[Site "Bled SLO"]
[Date "2002.11.08"]
[EventDate "2002.10.26"]
[Round "13"]
[Result "0-1"]
[White "Walter Arencibia"]
[Black "Sampsa Nyysti"]
[WhiteElo "2521"]
[BlackElo "2410"]
[PlyCount "88"]

1. d4 Nf6 2. c4 e6 3. Nc3 Bb4 4. Qc2 c5 5. dxc5 Na6 6. g3 Nxc5
7. Bg2 O-O 8. Bd2 d5 9. cxd5 exd5 10. Nxd5 Nxd5 11. Bxb4 Nxb4
12. Qxc5 Qb6 13. Qxb6 axb6 14. Be4 Re8 15. Bb1 Be6 16. Nf3 Bd5
17. Kf1 Rac8 18. e4 Bxe4 19. Bxe4 Rxe4 20. Rd1 Nxa2 21. Rd7 h6
22. Nd4 Rc4 23. Nb3 Rc2 24. Rd8+ Kh7 25. Rd2 Nb4 26. Rxc2 Nxc2
27. Nd2 Re1+ 28. Kg2 Re2 29. Nc4 b5 30. Nd6 Ne1+ 31. Kh3 Nd3
32. Kh4 Nxf2 33. Rf1 f5 34. h3 Ne4 35. Nxf5 Nf6 36. g4 Ne4
37. g5 Rg2 38. Nxh6 gxh6 39. gxh6 Kxh6 40. Rf4 Re2 41. b4 Kg6
42. Kg4 Nf6+ 43. Kf3 Rh2 44. Rh4 Kg5 0-1

[Event "Bled Olympiad"]
[Site "Bled SLO"]
[Date "2002.11.08"]
[EventDate "2002.10.26"]
[Round "13"]
[Result "1-0"]
[White "Reynaldo Vera"]
[Black "Mika Karttunen"]
[WhiteElo "2544"]
[BlackElo "2413"]
[PlyCount "105"]

1. d4 d5 2. c4 c6 3. Nc3 Nf6 4. e3 a6 5. a4 e6 6. Nf3 Be7
7. Bd3 dxc4 8. Bxc4 c5 9. O-O Nc6 10. Qe2 cxd4 11. Rd1 O-O
12. exd4 Nb4 13. Ne5 b6 14. Qf3 Ra7 15. Qg3 Nh5 16. Qh3 Nf6
17. Qg3 Nh5 18. Qh3 Nf6 19. Bb3 Nfd5 20. Nxd5 exd5 21. Qg3 f6
22. Nd3 Nxd3 23. Qxd3 Be6 24. Bf4 Bb4 25. Rac1 Qd7 26. h3 Kh8
27. Qc2 b5 28. axb5 axb5 29. Qc6 Qf7 30. Qxb5 Rb7 31. Qd3 Qd7
32. Bc2 g6 33. Qf3 Kg7 34. Bd3 Ra8 35. Rc2 Ra4 36. Rdc1 Bd6
37. Rc6 Bxf4 38. Qxf4 Ra1 39. Kh2 Rxc1 40. Qxc1 Bf7 41. Qc5
Rxb2 42. Rc8 f5 43. Qf8+ Kf6 44. f4 Rb6 45. Qh8+ Ke7 46. Ra8
Qc7 47. Kg3 g5 48. Qf8+ Ke6 49. Re8+ Kf6 50. Qh6+ Bg6 51. Rf8+
Ke6 52. Bxf5+ Ke7 53. Qg7+ 1-0

[Event "Bled Olympiad"]
[Site "Bled SLO"]
[Date "2002.11.08"]
[EventDate "2002.10.26"]
[Round "13"]
[Result "0-1"]
[White "Darmen Sadvakasov"]
[Black "Helgi Ass Gretarsson"]
[WhiteElo "2538"]
[BlackElo "2508"]
[PlyCount "104"]

1. e4 e5 2. Nf3 Nc6 3. d4 exd4 4. Nxd4 Nf6 5. Nxc6 bxc6 6. e5
Qe7 7. Qe2 Nd5 8. c4 Nb6 9. Nd2 a5 10. b3 a4 11. Bb2 axb3
12. axb3 Rxa1+ 13. Bxa1 Qa3 14. Qd1 Bb4 15. Bd3 Qa5 16. Ke2 d6
17. Qc2 dxe5 18. Nf3 Bg4 19. Be4 Ke7 20. Rd1 Rd8 21. Bb2 Rxd1
22. Kxd1 g6 23. Bxc6 f6 24. h3 Bf5 25. Be4 Bxe4 26. Qxe4 Qa2
27. Qc2 Nd7 28. Bc3 Qa5 29. Bxb4+ Qxb4 30. Nd2 Nc5 31. Qa2 Qc3
32. Qa7 Ne6 33. g3 h5 34. Qa3+ Kf7 35. Qc1 Qd4 36. Ke2 h4
37. Nf3 Qe4+ 38. Qe3 Qc2+ 39. Qd2 Qxd2+ 40. Nxd2 hxg3 41. fxg3
c5 42. Nf3 e4 43. Ne1 Nd8 44. Nc2 Nc6 45. Ke3 f5 46. Kf4 Kf6
47. h4 Nd4 48. Nxd4 cxd4 49. b4 Ke6 50. b5 Kd6 51. b6 Kc6
52. c5 Kb7 0-1

[Event "Bled Olympiad"]
[Site "Bled SLO"]
[Date "2002.11.08"]
[EventDate "2002.10.26"]
[Round "13"]
[Result "1-0"]
[White "Helgi Olafsson"]
[Black "Petr Kostenko"]
[WhiteElo "2476"]
[BlackElo "2501"]
[PlyCount "69"]

1. Nf3 c5 2. c4 Nc6 3. d4 cxd4 4. Nxd4 g6 5. e4 Nf6 6. Nc3 d6
7. Be2 Nxd4 8. Qxd4 Bg7 9. Bg5 O-O 10. Qd2 Be6 11. Rc1 Qa5
12. f3 Rfc8 13. b3 a6 14. Na4 Qxd2+ 15. Kxd2 Nd7 16. g4 f6
17. Be3 f5 18. exf5 gxf5 19. h3 Rf8 20. f4 Rab8 21. Nc3 b5
22. cxb5 d5 23. gxf5 Rxf5 24. Rhg1 axb5 25. Nxb5 Rf7 26. Nd4
Nf8 27. Bh5 Bxh3 28. Bxf7+ Kxf7 29. Nf3 Bf5 30. Bd4 Bh6
31. Ne5+ Ke8 32. Ke3 Ng6 33. Nxg6 Bxg6 34. Rc5 e6 35. Rgc1 1-0